000 00666nam a2200253 i 4500
999 _c12
_d12
001 C2-0001880
003 PPAK
005 20190630220211.0
008 970122s1994 my |||| ||||| | may d
020 _a9839792644
040 _aPPAK
_beng
_cPPAK
_erda
082 0 4 _a297.01
_223
090 0 0 _a297.01
_bAHM
_dG
100 0 _aAhmad Rafaai Ayudin,
_eauthor
245 1 0 _aFalsafah Islam
264 1 _aKuala Lumpur :
_bAl - Kautsar ,
_c1994
300 _aiii, 76 pages ;
_c18 cm
336 _2rdacontent
_atext
337 _2rdamedia
_aunmediated
338 _2rdacarrier
_avolume
650 1 0 _aPhilosophy
700 0 _aSaiman bin Marjuki,
_ecompile
942 _cB
_2ddc